| 000 | 00458nam a2200145 a 4500 | ||
|---|---|---|---|
| 001 | 4567 | ||
| 003 | CDMR | ||
| 005 | 20130301114118.0 | ||
| 008 | 130130s1998||||||||||||||||||||||||||||d | ||
| 040 |
_aCDMR _bcat _cCDMR |
||
| 100 | 1 |
_93024 _aVives i Sabaté, Marta |
|
| 245 | 1 | 0 |
_aFons bibliogràfic de l'Arxiu Fotogràfic d'Igualada _cMarta Vives Sabaté |
| 260 |
_aIgualada _c1998 _bConsell Comarcal de l'Anoia. Arxiu Històric Comarcal d'Igualada |
||
| 942 |
_cMON _2ddc |
||
| 999 |
_c4567 _d4567 |
||